[Fonetika, fonológia, fonosyntax španielskeho jazyka]
Recenzia na publikáciu Fonetika, fonológia, fonosyntax španielskeho jazyka - vysokoškolská učebnica určená študentom hispanistiky na Slovensku, ktorej cieľom je oboznámiť čitateľa so zvukovou stránkou španielskeho jazyka.
Salvato in:
| Autore principale: | |
|---|---|
| Natura: | Capitolo di libro |
| Lingua: | slovacco |
| Soggetti: | |
| Tags: |
Nessun Tag, puoi essere il primo ad aggiungerne!!
|
MARC
| LEADER | 00000naa a2200000 4500 | ||
|---|---|---|---|
| 001 | 0268198 | ||
| 005 | 20240502074215.9 | ||
| 041 | 0 | |a slo | |
| 044 | |a SK | ||
| 245 | 1 | 0 | |a [Fonetika, fonológia, fonosyntax španielskeho jazyka] |c Mária Spišiaková |
| 520 | |a Recenzia na publikáciu Fonetika, fonológia, fonosyntax španielskeho jazyka - vysokoškolská učebnica určená študentom hispanistiky na Slovensku, ktorej cieľom je oboznámiť čitateľa so zvukovou stránkou španielskeho jazyka. | ||
| 610 | 2 | 0 | |a recenzie |
| 610 | 2 | 0 | |a španielčina |
| 610 | 2 | 0 | |a fonetika |
| 610 | 2 | 0 | |a syntax |
| 610 | 2 | 0 | |a učebnice |
| 100 | 1 | |a Spišiaková, Mária, 1973- | |